Derecho del Turismo (Registro nro. 4928)
[ vista simple ]
| 000 -CABECERA | |
|---|---|
| campo de control de longitud fija | 00615aam a2200217 4500 |
| 005 - FECHA Y HORA DE ACTUALIZACIÓN | |
| campo de control | 20170126085850.0 |
| 008 - LONGITUD FIJA | |
| campo de control de longitud fija | 150421b xxu||||| |||| 00| 0 spa d |
| 041 ## - IDIOMA | |
| Código de idioma del texto/pista de sonido o título separado | |
| 082 ## - CLASIFICACIÓN DECIMAL DEWEY | |
| Número de clasificación | 1.8.2 F137d |
| 100 ## - AUTOR PERSONAL | |
| Nombre de persona | Facal, Julio |
| 245 ## - TÍTULO PROPIAMENTE DICHO | |
| Título | Derecho del Turismo |
| 260 ## - PIE DE IMPRENTA | |
| Lugar de publicación, distribución, etc. | Uruguay |
| Nombre del editor, distribuidor, etc. | Fundación Cultural Universitaria |
| Fecha de publicación, distribución, etc. | 2006 |
| 300 ## - DESCRIPCIÓN FÍSICA | |
| Extensión | 332 páginas |
| 650 ## - Materia General | |
| Materia general | DERECHO TURÍSTICO |
| 650 ## - Materia General | |
| Materia general | DERECHO COMERCIAL TURÍSTICO |
| 650 ## - Materia General | |
| Materia general | LEGISLACIÓN TURÍSTICA |
| 650 ## - Materia General | |
| Materia general | DERECHO COMPARADO |
| 650 ## - Materia General | |
| Materia general | JURISPRUDENCIA |
| 650 ## - Materia General | |
| Materia general | URUGUAY |
| 942 ## - Punto de Acceso Adicional Koha | |
| Tipo de ítem Koha | Libro |
| Estado perdido | Estado dañado | No para préstamo | Biblioteca permanente | Biblioteca actual | Signatura completa | Código de barras | Precio efectivo a partir del | Tipo de ítem |
|---|---|---|---|---|---|---|---|---|
| Departamento de Biblioteca y Documentación Alfonso Chase Brenes | Departamento de Biblioteca y Documentación Alfonso Chase Brenes | 1.8.2 F137d | 300 | 26/01/2017 | Libro |